Normal view
MARC view
- Gemert, Lee
Entry Personal Name
001 - CONTROL NUMBER
- control field: 7323
003 - CONTROL NUMBER IDENTIFIER
- control field: OSt
005 - DATE AND TIME OF LATEST TRANSACTION
- control field: 20250320160148.0
008 - FIXED-LENGTH DATA ELEMENTS
- fixed length control field: 250320|| aca||aabn | a|a d
040 ## - CATALOGING SOURCE
- Original cataloging agency: OSt
- Transcribing agency: OSt
100 ## - HEADING--PERSONAL NAME
- Personal name: Gemert, Lee
670 ## - SOURCE DATA FOUND
- Source citation: Work cat.: (OSt)751: Dage, Johnla . 7322, Stability and trim for the Ship`s Officer / , 1956.
